История России #33: Гражданская война - Statistics

General Stats
  • This quiz has been taken 46 times
    6 since last reset
  • The average score is 19 of 51
Answer Stats
Вопрос Ответ % Correct
Город, в котором А.В. Колчак осуществилсвой переворот Омск
80%
Гетман Украины, назначенный немцами после разгона Центральной Рады П.П. Скоропадский
80%
Атаман войска Донского, сотрудничавший как с вторым, так и с третьим Рейхом П.Н. Краснов
80%
Руководитель повстанческой армии, сыгравший важную роль в разрушении тылов армии А.И. Деникина Н.И. Махно
80%
Белый генерал, считавший Московскую директиву А.И. Деникина ошибкой, в будущем возглавивший силы белых на юге, "черный барон" П.Н. Врангель
80%
Руководитель белых в Финляндии К.Г. Маннергейм
80%
Первый руководитель Польской республики Юзеф Пилсудский
80%
Антибольшевик, автор идеи о возрожденииимперии Чингиз-хана Барон Унгерн
80%
Первое антибольшевистское правительство,претендовавшее на объединение всей России Комуч
60%
Начдив Красной армии, герой многочисленных анекдотов В.И. Чапаев
60%
Белый военноначальник, погибший во времяштурма Екатеринодара Л.Г. Корнилов
60%
Командующий красной кавалерией С.М. Буденный
60%
Донской атаман, возглавивший один изпервый мятежей против красных, организатор Добровольческой армии А.М. Каледин
60%
Белый военноначальник, руководивший Северо-западной армией Н.Н. Юденич
60%
Белый атаман, действовавший на Дальнемвостоке и в Забайкалье Г.М. Семенов
60%
Красный военноначальник, разбившийоренбургских казаков, военный министр
Дальневосточной республики
В.К. Блюхер
60%
Председатель Директории УНР в 1919-1920, С.В. Петлюра
60%
Город, во время сражения за которыйкрасные потерпели сокрушительное поражение от польских войск Варшава
60%
Военноначальник, возглавивший первыеантибольшевистские отряды в Поволжье, руководивший Восточным фронтом после расстрела А.В. Колчака В.О. Каппель
40%
Город, в котором было образовано Временное Всероссийское правительство Уфа
40%
Неофициальное название правительства,образованного после слияния Временного Сибирского правительства и правительства в Поволжье Директория
40%
Белый генерал, организовавший Добровольческую армию, начальник штаба во время Первой мировой М.В. Алексеев
40%
Единая белая армия, созданная на Кубанив январе 1919 ВСЮР
40%
Руководитель большевистского контрнаступления на Восточном фронте М.В. Фрунзе
40%
Первый главнокомандующий всеми силамиРСФСР И.И. Вацетис
40%
Одно из самых боеспособных формированийРККА, укомплектованное преимущественно не русским личным составом Латышские стрелки
40%
Красный военноначальник, руководившийзападным фронтом большевиков М.Н. Тухачевский
40%
Договор, завершивший советско-польскую Рижский мир
40%
Второе наступление на ПетроградСеверо-западной армии с точностью до сезона Осень 1919
40%
Глава одного из первых антибольшевистскихвыступлений, атаман оренбургского казачества А.И. Дутов
20%
Белый военноначальник, возглавившийпоход Яссы-Дон М.Г. Дроздовский
20%
Красный военноначальник, разбившийА.И. Деникина после провала Московской директивы А.И. Егоров
20%
Эсеровское правительство, ненадолгозахватившее власть, но успевшее передать А.В. Колчака большевикам Политцентр
20%
Белый военноначальник, руководившийдействиями против красных на северном фронте Е.К. Миллер
20%
Демаркационная линия, предложенная министром иностранных дел Британии, в качестве границы между РСФСР и Польшей Линия Керзона
20%
Переворот А.В. Колчака с точностью до месяца Ноябрь 1918
20%
Ледяной поход Добровольческой армиис точностью до сезона Весна 1918
20%
Поход Красной армии в Прибалтику иБеларусь 1918-1919
20%
Главное наступление в ходе Московскогопохода А.И. Деникина с точностью до сезона Осень 1919
20%
Расстрел А.В. Колчака в Иркутске с точностью до месяца Февраль 1920
20%
Выступление донских казаков противбольшевиков, возродившее белое движение на юге весной 1919 года Вешенское восстание
20%
Мероприятие, организованное белыми после взятия Перекопа войсками М.П. Фрунзе в ноябре 1920 года Крымская эвакуация
20%
Восстание Чехословацкого корпуса с точностью до сезона Весна-лето 1918
0%
Образование Временного Всероссийскогоправительства с точностью до сезона Осень 1918
0%
Весеннее наступление Русской армии, бегк Волге с точностью до сезона Весна 1919
0%
Контрнаступление красных на Восточном фронте с точностью до сезона Весна-лето 1919
0%
Контрнаступление красных на юге с точностью до сезона Осень-зима 1919
0%
Советско-польская война 1919-1921
0%
Великий Сибирский Ледяной поход с точностью до сезона Зима 1920
0%
Рижский мир (месяц, год) март 1921
0%
Вступление советских войск во Владивосток 1922
0%
No matching quizzes found
Score Distribution
Percent of People with Each Score
Percentile by Number Answered
Your Score History
You have not taken this quiz since the last reset